| 000 | 01858nam0a2200373 i 4500 | ||
|---|---|---|---|
| 001 | RU\NLR\BIBL_A\010865404 | ||
| 005 | 20260405143622.0 | ||
| 010 |
_a9785905756252 _9500 |
||
| 021 |
_aRU _b2015-71817 _94308 |
||
| 035 | _a(NILC)RuMoRGB-008023834 | ||
| 035 | _a(NLR Aleph) 010865404 | ||
| 090 |
_a10442008 _c10442008 |
||
| 100 | _a20151021d2015 km y0rusy50 ca | ||
| 101 | 0 | _arus | |
| 102 | _aRU | ||
| 105 | _aach z 100yy | ||
| 200 | 1 |
_aЛаврентьев монастырь _eистория и современность _eматериалы I и II Свято-Лаврентьевских краеведческих чтений, Калуга, 2013-2014 _e[сборник _fред. В. Н. Фридгельм] |
|
| 210 |
_aКалуга _cФридгельм _d2015 |
||
| 215 |
_a239 с. _cил., портр., факс. _d29 |
||
| 320 | _aБиблиогр. в конце ст. | ||
| 601 | 0 | 2 | _aКалужский Свято-Лаврентьев монастырь |
| 601 | 0 | 2 |
_aКалужский Свято-Лаврентьев монастырь _92236091 _3RU\NLR\AUTH\6601573856 |
| 686 | 1 | _aЭ372.24-647.2 | |
| 702 | 1 |
_4340 _8rus _7ca _aФридгельм _bВ. Н. _f1960- _gВалентина Николаевна _3RU\NLR\AUTH\7759322 _942254 |
|
| 711 | 0 | 2 |
_aКалужский Свято-Лаврентьев монастырь _9470173 _3RU\NLR\AUTH\880401614 |
| 711 | 1 | 2 |
_aСвято-Лаврентьевские краеведческие чтения _d1 _eКалуга _f2013 _9488314 _3RU\NLR\AUTH\880411381 |
| 711 | 1 | 2 |
_aСвято-Лаврентьевские краеведческие чтения _d2 _eКалуга _f2014 _9488316 _3RU\NLR\AUTH\880411382 |
| 801 | 0 |
_aRU _bРГБ _c20150921 _gRCR |
|
| 942 | _cBOOK | ||
| 980 | _aNBR | ||